banner koha

Cerca elétrica para bovinos e bubalinos (Registro n. 298625)

MARC details
000 -LÍDER
fixed length control field 00833nab a22002057a 4500
003 - CÓDIGO MARC DA AGÊNCIA CATALOGADORA
Campo de controle BR-BrBNA
005 - DATA E HORA DA ÚLTIMA ATUALIZAÇÃO
Campo de controle 20240228155941.0
008 - CAMPO DE TAMANHO FIXO
fixed length control field 240228b bl.||||| |||| 00| 0 por d
040 ## - FONTE DA CATALOGAÇÃO
Agência catalogadora BR-BrBNA
Idioma da catalogação por
072 ## - CATEGORIA AGRIS
Código AGRIS N01 ; L01 ; N20
Código do objeto 4430 ; 4620 ; 5212 ; 5217
100 ## - ENTRADA PRINCIPAL - NOME PESSOAL
Nome pessoal Aguirre, João de
245 ## - TÍTULO PRINCIPAL
Título principal Cerca elétrica para bovinos e bubalinos
500 ## - NOTA GERAL
Nota geral 1 illus.
942 ## - ADDED ENTRY ELEMENTS (KOHA)
Koha item type
650 ## - ASSUNTO - THESAGRO
Cabeçalho tópico ou nome geográfico CERCA ELÉTRICA
650 ## - ASSUNTO - THESAGRO
Cabeçalho tópico ou nome geográfico EQUIPAMENTO RURAL
650 ## - ASSUNTO - THESAGRO
Cabeçalho tópico ou nome geográfico INSTALAÇÃO PARA ANIMAL
773 0# - ENTRADA ANALÍTICA
Host Biblionumber 1330
Registro do item 275251
Imprenta Campinas-SP Coordenadoria de Assistência Técnica Integral - CATI - Centro de Comunicação Rural e Treinamento - CECORT 1979. Data final de publicação em 1990
Outro identificador 2023-437057
Título Casa da Agricultura (Brazil)
ISSN 0100-6541
Colação v. 2(5) p. 28 (Sep-Oct 1980)
Número de controle de registro BR2024000171

Nenhum exemplar disponível.

BINAGRI

Telefone: (61)3218-2567/2388/3357/2097 - binagri@agro.gov.br

Ministério da Agricultura e Pecuária , Esplanada dos Ministérios, Bloco D, Anexo B, Brasília/DF, CEP: 70.043-900